000 00598nam a2200205 a 4500
001 18533
003 CO-ViMGA
008 141112s2004 ck r 000 u spa d
020 _a9861662792
040 _aCO-ViMGA
_bspa
_cCO-ViMGA
082 0 4 _aMORp
100 1 _aMorgenstern, Susi
_926378
245 1 0 _aLas princesas tambien van a la escuela
260 _aMexico,
_cFondo de cultura económica,
_c2001
300 _a43.p.
590 _aForma de adquisición : Premio - Mincultura
650 1 4 _aCUENTOS INFANTILES ESTADOUNIDENSES
_9823
650 1 4 _aPRINCESAS - CUENTOS
_926379
942 _2ddc
_cBK
999 _c10872
_d10872